| 000 | 00650nam a2200229Ia 4500 | ||
|---|---|---|---|
| 005 | 20220929153549.0 | ||
| 008 | 131103s9999 xx 000 0 und d | ||
| 020 | _a394725115 | ||
| 040 | _aLoreto College | ||
| 041 | _aEnglish | ||
| 082 |
_a150.1943 _bRED |
||
| 100 | _aRedd, William H. | ||
| 245 |
_aTake charge _b a personal guide to behavior modification _cWilliam H. Redd and William Sleator |
||
| 260 |
_aNew York _bVintage Books _c1978 |
||
| 300 | _a183p | ||
| 504 | _aIncludes bibliographical references and index | ||
| 650 | _aPsychology | ||
| 651 | _aBehaviorism | ||
| 700 | _aSleator, William | ||
| 850 | _aLCLIB | ||
| 942 | _cBK | ||
| 999 |
_c19019 _d69498 |
||